| 000 | 01259cam a22001814a 4500 | ||
|---|---|---|---|
| 005 | 20250605164048.0 | ||
| 008 | 250528s ||||||||||||||||||||||||d | ||
| 035 | _a17168 | ||
| 040 |
_aGR-AtMCL _bgre _dGR-AtMCL _eAACR2 |
||
| 245 | 1 |
_aΠρακτικά Διεθνές Συνέδριο Εφηρμοσμένης Οικονομικής / Ερευνητικές Εργασίες Οικονομικής Ποσοτικής Ανάλυσης. _nΤόμος Ι |
|
| 260 |
_bΠανεπιστήμιο Πειραιώς, _c1996 |
||
| 300 | _a368 | ||
| 520 | _aΑντί Προλόγου, Εισαγωγή, Stochastic Variation of the Systematic Risk and the Measure of Pricing Effectiveness: Evidence from the Athens Stock Exchange, Κριτική της Μεθοδολογίας Ανάλυσης των Ατυχημάτων στην Παγκόσμιο Ποντοπόρο Ναυτιλία Προτάσεις - Βελτιώσεις, Η Χρησιμοποίηση των Λογιστικών Πληροφοριών από τα Διευθυντικά Στελέχη των Επιχειρήσεων: Μια Κοινωνικοτεχνική Προσέγγιση. | ||
| 700 | 1 |
_aΘαλασσινός Λευτέρης _93323 |
|
| 942 | _cBK | ||
| 999 |
_c2603 _d2603 |
||